000 00344nam a2200157Ia 4500
008 191201s2009 xx 000 0 und d
020 _a9781403909886
082 _a658.31
_bRAF
100 _aRAO, T V
245 0 _aFuture of HRD
250 _aRep
260 _aN.Delhi
_bMacmillan
_c2009
300 _a218
650 _aMBA
942 _2ddc
_cBK
999 _c5473
_d5473